Μέσα μαζικής επικοινωνίας : δίκαιο της πληροφόρησης : αναλύσεις-κείμενα
Αποθηκεύτηκε σε:
| Κύριος συγγραφέας: | |
|---|---|
| Άλλοι συγγραφείς: | |
| Μορφή: | Βιβλίο |
| Γλώσσα: | Greek |
| Δημοσίευση: |
Αθήνα :
Προσκήνιο,
c1998
|
| Θέματα: | |
| Ετικέτες: |
Προσθήκη ετικέτας
Δεν υπάρχουν, Καταχωρήστε ετικέτα πρώτοι!
|
MARC
| LEADER | 00000nam a2200000 i 4500 | ||
|---|---|---|---|
| 001 | 1/28126 | ||
| 008 | 021021s1998 gre d | ||
| 020 | |a 960-7057-20-1 | ||
| 035 | |l 10068561 | ||
| 040 | |a GR-MY-UA |b gre |e aacr | ||
| 041 | 0 | |a gre | |
| 082 | 0 | |a 343.099 | |
| 100 | 1 | |a Κική, Γιάννα Π. | |
| 245 | 1 | 0 | |a Μέσα μαζικής επικοινωνίας : |b δίκαιο της πληροφόρησης : αναλύσεις-κείμενα / |c Γιάννα Π. Κική ; πρόλογος Αριστόβουλος Μάνεσης ; επιμέλεια έκδοσης Άγγελος Σιδεράτος |
| 260 | |a Αθήνα : |b Προσκήνιο, |c c1998 | ||
| 300 | |a 339 σ.; |c 24 εκ. | ||
| 504 | |a Περιέχει βιβλιογραφία και ευρετήριο | ||
| 650 | 0 | 0 | |a Mass media |x Law and legislation |z Greece. |
| 650 | 0 | 0 | |a Mass media |x Law and legislation |z European Union countries. |
| 650 | 0 | 0 | |a Freedom of iformation |z Greece. |
| 650 | 0 | 0 | |a Freedom of information |z European Union countries. |
| 700 | 1 | |a Σιδεράτος, Αγγελος. |4 edt | |
| 852 | |a INST |b LESVOS |e 20021023 |h 343.099 ΚΙΚ |p 005100024961 |q 005100024961 |t BK |y 0 | ||
| 852 | |a INST |b LESVOS |e 20021021 |h 343.099 ΚΙΚ |p 005100024971 |q 005100024971 |t BK |y 0 | ||
| 901 | |a BIBL1-2002-3 | ||
| 909 | |a Λ |b 102498 | ||
| 909 | |a Λ |b 102602 | ||
| 970 | |a ΚΑΜΑΤΣΟΥ |b ΔΕΣΠΟΙΝΑ |z 2002/10/21 | ||